000 00524nam a22001097a 4500
008 110607t xxu||||| |||| 00| 0 eng d
010 _aSCCAF:8
245 _aSUPREME COURT CIVIL APPEAL NO.17 Of 2002 1. Fr.Narsensio Begumisa 2. B.Ntimba 3. D Komunda 4. E Kamonda Vs Eric Tibebaga
260 _c2002
500 _aCoram: Oder, Tsekooko, Karikora, Mulenga & Kato JJ.S.C
500 _aAppeal from the judgment of the court of appeal (Mpagi-Bahigeine, Berko and Engwau JJ.A.) at kampala, in civil Appeal No.47/2000, dated 2 july 2002
999 _c2395
_d2395